Normal view
MARC view
- Ahmed, Irshad
Entry Personal Name
001 - CONTROL NUMBER
- control field: 15327
003 - CONTROL NUMBER IDENTIFIER
- control field: NUST
005 - DATE AND TIME OF LATEST TRANSACTION
- control field: 20190622051657.0
008 - FIXED-LENGTH DATA ELEMENTS
- fixed length control field: 190622|| aca||aabn | a|a d
040 ## - CATALOGING SOURCE
- Original cataloging agency: NUST
- Transcribing agency: NUST
100 ## - HEADING--PERSONAL NAME
- Personal name: Ahmed, Irshad
670 ## - SOURCE DATA FOUND
- Source citation: Work cat.: (NUST): Ahmed, Irshad, Punjab K Mard /, 2001.
